Loading...
| Science - Biology | 0 | 8 | 0 | 1 | 80 | 34 | 69.75 | 3 | 7 | 0.00 | 0.00 |
| Science - Chemistry | 0 | 8 | 1 | 0 | 75 | 45 | 75.13 | 2 | 6 | 0.00 | 0.00 |
| Fine Arts - Other | 0 | 4 | 1 | 0 | 35 | 50 | 79.25 | 0 | 4 | 0.00 | 0.00 |
| Literature - World | 0 | 3 | 1 | 1 | 25 | 60 | 104.33 | 1 | 2 | 0.00 | 0.00 |
| Literature - British | 0 | 2 | 0 | 0 | 20 | 80 | 86.50 | 2 | 2 | 0.00 | 0.00 |
| Literature - European | 0 | 2 | 0 | 0 | 20 | 51 | 82.50 | 2 | 2 | 0.00 | 0.00 |
| Social Science | 0 | 2 | 1 | 0 | 15 | 84 | 93.50 | 0 | 2 | 0.00 | 0.00 |
| Religion | 0 | 2 | 2 | 1 | 10 | 104 | 122.00 | 0 | 2 | 0.00 | 0.00 |
| Literature - American | 0 | 2 | 2 | 0 | 10 | 38 | 60.00 | 1 | 2 | 0.00 | 0.00 |
| Science - Other | 0 | 1 | 0 | 0 | 10 | 100 | 100.00 | 0 | 0 | 0.00 | 0.00 |
| Geography | 0 | 1 | 0 | 1 | 10 | 139 | 139.00 | 0 | 0 | 0.00 | 0.00 |
| Philosophy | 0 | 1 | 1 | 1 | 5 | 152 | 152.00 | 0 | 0 | 0.00 | 0.00 |
| Mythology | 0 | 0 | 1 | 0 | -5 | 0.00 | 0 | 0 | 0.00 | 0.00 |